[Event "Let's Play Chess!"]
[Site "http://www.queenalice.com/game.php?id=81310"]
[Date "2006.6.30"]
[Round "-"]
[White "jovy1097"]
[Black "Pertuzatti"]
[Result "0-1"]
[WhiteElo "1494"]
[BlackElo "1814"]

1. c4 Nf6 2. g3 g6 3. Bg2 Bg7 4. Nc3 d6 5. e4 c5 6. d3 Nc6 7. Nge2 Nd7 8. O-O
O-O 9. f4 e5 10. f5 gxf5 11. Rxf5 Nf6 12. Rf2 Ng4 13. Rf1 f5 14. exf5 Rxf5 15.
Bf3 Rf8 16. Ne4 Nd4 17. Nxd4 Nxh2 18. Kxh2 exd4 19. Bg5 Qd7 20. g4 Qc7 21. Ng3
Be6 22. Qd2 Be5 23. Bh6 Qd8 24. Bxf8 Qh4+ 25. Kg2 Qxg3+ 26. Kh1 Rxf8 27. Qg2
Qh4+ 28. Kg1 Bf4 29. Qh1 Qg3+ 30. Qg2 Qh4 31. Rae1 Be3+ 32. Rxe3 dxe3 33. Bd5
Rxf1+ 34. Kxf1 Qf6+ 35. Ke2 Bxd5 36. Qxd5+ Qf7 37. Qxf7+ Kxf7 38. Kxe3 a6 39.
Kf4 Kf6 40. a3 b5 41. Ke4 bxc4 42. dxc4 Kg5 43. Kd5 Kxg4 44. Kxd6 h5 45. Kxc5 h4
46. Kb6 h3 47. c5 h2 48. c6 h1=Q 49. c7 Qa8 50. b4 Kf5 51. a4 Ke6 0-1

[Event "Challenge"]
[Site "http://www.queenalice.com/game.php?id=81727"]
[Date "2006.7.2"]
[Round "-"]
[White "K19"]
[Black "Pertuzatti"]
[Result "1-0"]
[WhiteElo "1862"]
[BlackElo "1703"]

1. Nf3 d5 2. c4 c6 3. Nc3 Nf6 4. cxd5 cxd5 5. Qb3 Nc6 6. d3 e6 7. Bg5 Be7 8. Rd1
O-O 9. e4 d4 10. Ne2 e5 11. Bxf6 Bxf6 12. Ng3 Be7 13. a3 Qa5+ 14. Nd2 Be6 15.
Qc2 Rac8 16. Nf5 Bg5 17. Nd6 Rc7 18. Nc4 Bxc4 19. dxc4 d3 20. Bxd3 Nd4 21. Qc3
Qxc3 22. bxc3 Bxd2+ 23. Rxd2 Nb3 24. Rd1 1-0

[Event "Challenge"]
[Site "http://www.queenalice.com/game.php?id=82314"]
[Date "2006.7.4"]
[Round "-"]
[White "Penn"]
[Black "Pertuzatti"]
[Result "1-0"]
[WhiteElo "1870"]
[BlackElo "1740"]

1. c4 Nf6 2. Nf3 c6 3. d4 d5 4. cxd5 cxd5 5. Nc3 Nc6 6. e3 Bg4 7. h3 Bh5 8. Be2
e6 9. a3 a6 10. b4 Bd6 11. Bb2 Rc8 12. Rc1 Bb8 13. Na4 O-O 14. Nc5 Qc7 15. Ne5
Bxe2 16. Qxe2 Nxe5 17. dxe5 Nd7 18. O-O Nxc5 19. Rxc5 Qb6 20. Rfc1 Rc6 21. Bd4
Qc7 22. f4 Rc8 23. f5 Qd7 24. f6 g6 25. Qe1 Rxc5 26. bxc5 h6 27. Rb1 Ba7 28. Qb4
Rb8 29. Qa5 Qc6 30. Qb4 Kh7 31. h4 h5 32. Kh2 Qc7 33. Kh3 Kh6 34. g4 hxg4+ 35.
Kxg4 Rc8 36. Qxb7 Qxb7 37. Rxb7 Bxc5 38. Rxf7 Bxd4 39. exd4 Rc4 40. Re7 Rxd4+
41. Kg3 Rd3+ 42. Kf4 Rxa3 43. Rxe6 Ra4+ 44. Kg3 g5 45. hxg5+ Kxg5 46. f7 1-0

[Event "Challenge"]
[Site "http://www.queenalice.com/game.php?id=82315"]
[Date "2006.7.4"]
[Round "-"]
[White "Pertuzatti"]
[Black "Penn"]
[Result "1-0"]
[WhiteElo "1827"]
[BlackElo "1732"]

1. e4 c5 2. Nf3 d6 3. g3 Nc6 4. Bg2 Nf6 5. d3 g6 6. O-O Bg7 7. c3 O-O 8. Ne1 Bd7
9. f4 Qc7 10. h3 Rab8 11. Be3 b5 12. Nd2 a5 13. f5 Ne5 14. Qc2 Qc8 15. g4 a4 16.
Nef3 Nexg4 17. hxg4 Nxg4 18. Rae1 gxf5 19. exf5 Bxf5 20. Nh4 Be6 21. c4 bxc4 22.
dxc4 Rxb2 23. Qd3 Ne5 24. Qe4 Qa6 25. Nf5 Bxc4 26. Nxe7+ Kh8 27. Rf5 Bd3 28. Qf4
Bxf5 29. Qxf5 Qd3 30. Be4 Qxe4 31. Nxe4 c4 32. Ng5 Ng6 33. Nxf7+ Rxf7 34. Qxf7
Nxe7 35. Qxe7 Rb8 36. Qxd6 Rg8 37. Kh2 Re8 38. Bd4 1-0

[Event "AUTO-ELITE-70"]
[Site "http://www.queenalice.com/game.php?id=82369"]
[Date "2006.7.4"]
[Round "1"]
[White "JimMorrisson"]
[Black "Pertuzatti"]
[Result "1-0"]
[WhiteElo "2167"]
[BlackElo "1700"]

1. e4 Nf6 2. e5 Nd5 3. c4 Nb6 4. c5 Nd5 5. Nc3 Nxc3 6. dxc3 e6 7. Qg4 Nc6 8. Nf3
f5 9. Qg3 g6 10. Bg5 Be7 11. h4 Bxg5 12. Nxg5 a5 13. h5 Nxe5 14. Qxe5 O-O 15.
hxg6 1-0

[Event "AUTO-ELITE-70"]
[Site "http://www.queenalice.com/game.php?id=82370"]
[Date "2006.7.4"]
[Round "1"]
[White "Pertuzatti"]
[Black "JimMorrisson"]
[Result "1/2-1/2"]
[WhiteElo "1871"]
[BlackElo "2185"]

1. d4 Nf6 2. c4 e6 3. Nc3 c5 4. d5 exd5 5. cxd5 d6 6. a4 g6 7. e4 Bg7 8. Bd3 O-O
9. Nge2 Na6 10. O-O Nc7 11. f3 b6 12. a5 Rb8 13. Qb3 Bd7 14. axb6 axb6 15. Bb5
Nxb5 16. Nxb5 Bxb5 17. Qxb5 Ne8 18. Ra7 Nf6 19. b4 Re8 20. Bg5 Qc8 21. Rc1 h6
22. Bh4 g5 23. Bg3 Bf8 24. Nd4 Rb7 25. Nc6 Rxa7 26. Nxa7 Qc7 27. Nc6 Nd7 28. Ra1
Qc8 29. Ra7 h5 30. bxc5 bxc5 31. Qa5 Nf6 32. Rc7 Qa8 33. Ra7 Qc8 34. Rc7 1/2-1/2

[Event "AUTO-ELITE-70"]
[Site "http://www.queenalice.com/game.php?id=82385"]
[Date "2006.7.4"]
[Round "1"]
[White "Pertuzatti"]
[Black "Mirok"]
[Result "0-1"]
[WhiteElo "1746"]
[BlackElo "2140"]

1. d4 Nf6 2. c4 g6 3. Nc3 Bg7 4. e4 O-O 5. Nf3 d6 6. h3 e5 7. d5 Na6 8. a3 Nh5
9. g4 Nf4 10. h4 Bxg4 11. Bxf4 exf4 12. Be2 Nc5 0-1

[Event "AUTO-ELITE-70"]
[Site "http://www.queenalice.com/game.php?id=82386"]
[Date "2006.7.4"]
[Round "1"]
[White "Mirok"]
[Black "Pertuzatti"]
[Result "1-0"]
[WhiteElo "2141"]
[BlackElo "1746"]

1. e4 Nf6 2. e5 Nd5 3. d4 d6 4. f4 dxe5 5. fxe5 Bf5 6. Nf3 e6 7. Bd3 Bg6 8. O-O
c5 9. Bxg6 hxg6 10. Ng5 f5 11. Nxe6 Qb6 12. Nxf8 Rxf8 13. c4 Ne7 14. d5 1-0

[Event "Challenge"]
[Site "http://www.queenalice.com/game.php?id=82622"]
[Date "2006.7.4"]
[Round "-"]
[White "Pertuzatti"]
[Black "Pato"]
[Result "0-1"]
[WhiteElo "1700"]
[BlackElo "1990"]

1. e4 Nc6 2. d4 e5 3. d5 Nce7 4. Bd3 Ng6 5. Nf3 Bc5 6. O-O d6 7. Be3 Bb6 8. a4
Nf6 9. a5 Bxe3 10. fxe3 O-O 11. c4 c6 12. Nc3 Bd7 13. h3 b6 14. axb6 Qxb6 15.
Qe2 Nf4 16. Qd2 cxd5 17. exd5 Nxd3 18. Qxd3 e4 19. Nxe4 Nxe4 20. Qxe4 Rae8 21.
Qd4 Rxe3 22. Kf2 Rxf3+ 0-1

[Event "Challenge"]
[Site "http://www.queenalice.com/game.php?id=82644"]
[Date "2006.7.5"]
[Round "-"]
[White "Pato"]
[Black "Pertuzatti"]
[Result "0-1"]
[WhiteElo "1979"]
[BlackElo "1673"]

1. e4 Nf6 2. Bc4 Nxe4 3. Bxf7+ Kxf7 4. Qh5+ g6 5. Qd5+ e6 6. Qxe4 Bg7 7. d4 Nc6
8. c3 Rf8 9. Nf3 d5 10. Qe2 Re8 11. Bf4 e5 12. dxe5 Bg4 13. O-O Kg8 14. Nbd2
Nxe5 15. Bxe5 Bxe5 16. Qb5 b6 17. Rfe1 Bxf3 18. Nxf3 Qd6 19. Nxe5 Rxe5 20. Rxe5
Qxe5 21. c4 Rd8 22. Rd1 Qe2 23. Qb3 Re8 24. g3 dxc4 25. Qa4 b5 0-1

[Event "Juego8"]
[Site "http://www.queenalice.com/game.php?id=84756"]
[Date "2006.7.11"]
[Round "-"]
[White "janetdjm"]
[Black "Pertuzatti"]
[Result "1-0"]
[WhiteElo "1364"]
[BlackElo "1910"]

1. e4 Nf6 2. Nc3 d5 3. exd5 Nxd5 4. Nxd5 Qxd5 5. Nf3 Bg4 6. Be2 Nc6 7. h3 Bh5 8.
O-O O-O-O 9. d3 e6 10. Ng5 Bxe2 11. Qxe2 Qd7 12. Be3 h6 13. Nf3 Bd6 14. a4 f5
15. a5 a6 16. c3 g5 17. Nd4 f4 18. Nxc6 Qxc6 19. Bd4 Rhg8 20. Qxe6+ Kb8 21. Qxh6
f3 22. g3 Qd5 23. Qh7 c5 24. Be3 Rh8 25. Qe4 1-0

[Event "AUTO-OPEN-321"]
[Site "http://www.queenalice.com/game.php?id=84983"]
[Date "2006.7.12"]
[Round "1"]
[White "Pertuzatti"]
[Black "sidra"]
[Result "0-1"]
[WhiteElo "1808"]
[BlackElo "1650"]

1. e4 Nc6 2. d4 d6 3. Bb5 Bd7 4. Ne2 a6 5. Ba4 e6 6. O-O Nf6 7. Bg5 Be7 8. Nd2
O-O 9. c3 h6 10. Bh4 b5 11. Bc2 e5 12. Bxf6 Bxf6 13. d5 Ne7 14. Ng3 c5 0-1

[Event "AUTO-OPEN-321"]
[Site "http://www.queenalice.com/game.php?id=84984"]
[Date "2006.7.12"]
[Round "1"]
[White "sidra"]
[Black "Pertuzatti"]
[Result "1-0"]
[WhiteElo "1625"]
[BlackElo "1853"]

1. d4 d5 2. Nf3 Nf6 3. g3 g6 4. Bg2 Bg7 5. O-O O-O 6. c3 Nbd7 7. b4 Nb6 8. Nbd2
c6 9. a4 a5 10. bxa5 Rxa5 11. Bb2 Bf5 12. Re1 Ne4 13. Nxe4 Bxe4 14. Nd2 Bxg2 15.
Kxg2 1-0

[Event "AUTO-OPEN-321"]
[Site "http://www.queenalice.com/game.php?id=84985"]
[Date "2006.7.12"]
[Round "1"]
[White "Pertuzatti"]
[Black "Masegui"]
[Result "0-1"]
[WhiteElo "1910"]
[BlackElo "1620"]

1. e4 e5 2. f4 exf4 3. Nf3 d5 4. exd5 Nf6 5. c4 c6 6. dxc6 Nxc6 7. d4 Bb4+ 8.
Nc3 Ne4 9. Qd3 Bf5 10. Qe2 O-O 11. Bd2 Re8 12. Ne5 Nxd4 13. Qh5 Nc2+ 0-1

[Event "AUTO-OPEN-321"]
[Site "http://www.queenalice.com/game.php?id=84986"]
[Date "2006.7.12"]
[Round "1"]
[White "Masegui"]
[Black "Pertuzatti"]
[Result "1-0"]
[WhiteElo "1780"]
[BlackElo "1771"]

1. Nf3 d5 2. g3 Nf6 3. Bg2 g6 4. O-O Bg7 5. d3 O-O 6. Nbd2 c5 7. e4 Nc6 8. Re1
Bg4 9. c3 e5 10. h3 Bxf3 11. Nxf3 d4 12. Bg5 h6 13. Bd2 Nd7 14. a3 1-0